000 01455nam a2200337Ia 4500
001 ebr10505638
003 CaPaEBR
006 m u
007 cr cn|||||||||
008 040826s2004 ne sb 000 0 eng d
020 _z9062991971
020 _z9789062991976
020 _z9789062997442
040 _aCaPaEBR
_cCaPaEBR
035 _a(OCoLC)763161114
050 1 4 _aR726.8
_b.S83 2004eb
245 0 0 _aSuffering and dignity in the twilight of life
_h[electronic resource] /
_cedited by B. Ars and E. Montero.
260 _aThe Hague :
_bKugler ;
_aBrussels :
_bEuropean Institute of Bioethics ;
_aWalden, NY :
_bLibrary Research Associates [distributor for US and Canada],
_cc2004.
300 _ax, 180 p.
504 _aIncludes bibliographical references.
533 _aElectronic reproduction.
_bPalo Alto, Calif. :
_cebrary,
_d2013.
_nAvailable via World Wide Web.
_nAccess may be limited to ebrary affiliated libraries.
650 0 _aTerminally ill
_xCare
_xMoral and ethical aspects.
650 0 _aDeath
_xMoral and ethical aspects.
650 0 _aTerminal care
_xMoral and ethical aspects.
650 0 _aLife and death, Power over
_xMoral and ethical aspects.
655 7 _aElectronic books.
_2local
700 1 _aArs, B.
_q(Bernard)
700 1 _aMontero, Etienne.
710 2 _aebrary, Inc.
856 4 0 _uhttp://site.ebrary.com/lib/rucke/Doc?id=10505638
_zAn electronic book accessible through the World Wide Web; click to view
999 _c113829
_d113829